00682nam a2200157 a 4500008004100000100002700041245018300068260004900251300002900300500004800329504004300377700007700420003000100497005001700498040000900515 1 aPhraner, Ralph Wilson.10aA hydrological evaluation and feasibility analysis of artificial groundwater recharge and recovery in eastern Paupa Valley, Riverside Country, California /cPhrane, Ralph Wilson. aArizona :bThe University Of Arizona,c1991. a426 p. :bill. ;c21 cm. aThesis (MSc)---University Of Arizona, 1991. aIncludes bibliographical references.  aUniversity Of ArizonabDept. Of Hydrology and Water Resources. tThesis.20230123134409.0 cNUST